LDR 00918naa#a2200241#i#450# 001 EN\\bibl\125004 005 20260630051425.2 011 ## _a2077-7566 100 ## _a20260629b2026####ek#y0engy0150####ca 101 0# _aRUS 102 ## _aRU 200 1# _aANESTHESIA OF THE GREATER PALATINE NERVE IN THE AREA OF THE PALATINE FORAMEN: CLASSICAL AND MODERN METHODS, ANATOMICAL RATIONALE (LITERATURE REVIEW) _eJournal article 210 1# _aEkaterinburg _cTIRAZH Publishing House _d2026 215 ## _a6 с. 608 ## _aJournal article _2local 675 ## _aСтоматология. Заболевания ротовой полости и зубов. 616.31 _zRUS 686 ## _aКлиническая медицина. 76.29 _2grnti 700 #1 _aShalita _gDanila Sergeevich 700 #1 _aLapina _gNatalia V. 700 #1 _aOvcharenko _gEvgeniya S. 700 #1 _aUvarova _gAnna G. 700 #1 _aBondarenko _gNikolay A. 856 4# _adental-press.ru _u